Vainqueurs de la Coupe du monde - Mort Subite - Statistiques

Statistiques générales
  • Ce quiz a été pris 1 248 fois
    267 depuis la dernière actualisation
  • Le résultat moyen est 7 sur 8
Answers on the Grid
Answers color-coded by a green-red scale on the quiz's grid according to % correct below.
Brésil
Allemagne
Italie
Argentine
France
Uruguay
Angleterre
Espagne
Mexique
Belgique
Suède
États-Unis
Suisse
Pays-Bas
Corée du Sud
Hongrie
Pologne
Chili
Portugal
Cameroun
Bolivie
Autriche
Écosse
Autriche
Bulgarie
Roumanie
Japon
Croatie
Maroc
Costa Rica
 
Statistiques - réponses
Réponse % Correct
France
90%
Brésil
89%
Allemagne
88%
Argentine
87%
Espagne
86%
Uruguay
83%
Italie
82%
Angleterre
79%
Aucun quiz correspondant
Distribution des résultats
% des personnes avec chaque résultat
Percentile par nombre de réponses
Votre historique - résultats
Vous n’avez pas pris ce quiz depuis la dernière actualisation